| 000 | 00593nam a2200193 i 4500 | ||
|---|---|---|---|
| 001 | bg | ||
| 100 | 1 | _aCEDRO, Lech | |
| 245 | 0 |
_aĆwiczenia laboratoryjne z obróbki cieplnej / _cL. Cedro, W. Gowin, M. Hendel. |
|
| 260 |
_aKielce, _c1988. |
||
| 490 | 1 |
_aSkrypty Uczelniane Politechniki Świętokrzyskiej, _x0239-6386 ; _vnr 141 |
|
| 700 | 1 | _aGOWIN, Wacław | |
| 700 | 1 | _aHENDEL, Marek | |
| 830 |
_aSkrypty Uczelniane Politechniki Świętokrzyskiej, _x0239-6386 ; |
||
| 040 | _cBPK | ||
| 041 | _apol | ||
| 080 | _a621.78(075.8) | ||
| 942 | _cKS | ||
| 008 | s pl f |000 0 pol | ||
| 999 |
_c3735 _d3735 |
||
| 856 |
_uhttp://koha.tu.koszalin.pl/cgi-bin/koha/opac-detail.pl?biblionumber=3735 _yKatalog online BPK |
||